Istilah psikologi : Bahasa Inggeris-Bahasa Malaysia, Bahasa Malaysia-Bahasa Inggeris
| Format: | Book |
|---|---|
| Published: |
Kuala Lumpur :
Dewan Bahasa dan Pustaka ,
1985
|
| Subjects: |
MARC
| LEADER | 00000cam a2200000 7i4500 | ||
|---|---|---|---|
| 001 | 0000005397 | ||
| 005 | 20031203093000.0 | ||
| 008 | 021118s1985 | ||
| 020 | |a 9836213236 | ||
| 090 | 0 | 0 | |a BF30 |b .I8 |
| 245 | 0 | 0 | |a Istilah psikologi : |b Bahasa Inggeris-Bahasa Malaysia, Bahasa Malaysia-Bahasa Inggeris |
| 260 | 2 | |a Kuala Lumpur : |b Dewan Bahasa dan Pustaka , |c 1985 | |
| 300 | |a xvi, 169 ms. ; |c 14 sm. | ||
| 650 | 0 | |a Psychology |x Dictionaries | |
| 999 | |a 1000020742 |b Book |c Reference |e Gong Badak Campus | ||
| 999 | |a 1000020743 |b Book |c Reference |e Gong Badak Campus | ||